[Event "English Schools Championship Final 2024"]
[Site "Nottingham University Kings Meadow Campus, United Kingdom"]
[Date "2024.06.27"]
[Round "1.67"]
[White "Vaddhireddy, Sai"]
[Black "Handa, Yash"]
[Result "1-0"]
[TimeControl "G50' + 10\" per move."]
[WhiteFideId "499560"]
[WhiteElo "1896"]
[BlackElo "1337"]

1. d4 {[%clk 00:50:17]} {[%emt 00:00:02]} d5 {[%clk 00:50:19]} {[%emt
00:00:02]} 2. c4 {[%clk 00:50:22]} {[%emt 00:00:05]} e6 {[%clk 00:50:24]}
{[%emt 00:00:05]} 3. Nf3 {[%clk 00:50:27]} {[%emt 00:00:05]} Nf6 {[%clk
00:50:21]} {[%emt 00:00:13]} 4. g3 {[%clk 00:50:32]} {[%emt 00:00:05]} Nbd7
{[%clk 00:50:14]} {[%emt 00:00:17]} 5. Bg2 {[%clk 00:50:37]} {[%emt 00:00:05]}
Be7 {[%clk 00:49:33]} {[%emt 00:00:51]} 6. O-O {[%clk 00:50:38]} {[%emt
00:00:05]} O-O {[%clk 00:49:33]} {[%emt 00:00:14]} 7. Qc2 {[%clk 00:50:44]}
{[%emt 00:00:03]} b6 {[%clk 00:49:22]} {[%emt 00:00:22]} 8. cxd5 {[%clk
00:50:25]} {[%emt 00:00:29]} exd5 {[%clk 00:49:18]} {[%emt 00:00:14]} 9. Ne5
{[%clk 00:48:12]} {[%emt 00:02:23]} Bb7 {[%clk 00:48:40]} {[%emt 00:00:48]} 10.
Bf4 {[%clk 00:46:08]} {[%emt 00:02:13]} c5 {[%clk 00:48:10]} {[%emt 00:00:41]}
11. Rd1 {[%clk 00:44:32]} {[%emt 00:01:46]} Rc8 {[%clk 00:47:27]} {[%emt
00:00:53]} 12. Qd3 {[%clk 00:40:04]} {[%emt 00:04:38]} cxd4 {[%clk 00:46:57]}
{[%emt 00:00:39]} 13. Qxd4 {[%clk 00:39:50]} {[%emt 00:00:24]} Bc5 {[%clk
00:44:52]} {[%emt 00:02:15]} 14. Qd2 {[%clk 00:39:54]} {[%emt 00:00:06]} Nxe5
{[%clk 00:43:49]} {[%emt 00:01:11]} 15. Bxe5 {[%clk 00:39:55]} {[%emt
00:00:11]} Ng4 {[%clk 00:42:54]} {[%emt 00:01:04]} 16. Bd4 {[%clk 00:39:54]}
{[%emt 00:00:13]} Bxd4 {[%clk 00:42:21]} {[%emt 00:00:42]} 17. Qxd4 {[%clk
00:39:58]} {[%emt 00:00:07]} Nf6 {[%clk 00:42:14]} {[%emt 00:00:16]} 18. Nc3
{[%clk 00:40:02]} {[%emt 00:00:07]} Re8 {[%clk 00:40:55]} {[%emt 00:01:29]} 19.
e3 {[%clk 00:39:09]} {[%emt 00:01:02]} Re7 {[%clk 00:35:35]} {[%emt 00:05:30]}
20. Nxd5 {[%clk 00:38:41]} {[%emt 00:00:38]} Nxd5 {[%emt 00:00:43]} 21. Bxd5
{[%emt 00:00:09]} Rd7 {[%clk 00:34:14]} {[%emt 00:00:39]} 22. Bxf7+ {[%clk
00:38:41]} {[%emt 00:00:10]} Kh8 {[%clk 00:30:35]} {[%emt 00:03:49]} 23. Qxd7
{[%clk 00:38:33]} {[%emt 00:00:18]} Qxd7 {[%clk 00:29:55]} {[%emt 00:00:50]} 24.
Rxd7 {[%clk 00:38:35]} Bf3 {[%clk 00:29:37]} {[%emt 00:00:37]} 25. Bd5 {[%clk
00:37:59]} {[%emt 00:00:45]} Bxd5 {[%clk 00:27:28]} {[%emt 00:02:19]} 26. Rxd5
{[%clk 00:37:41]} {[%emt 00:00:29]} h6 {[%clk 00:27:13]} {[%emt 00:00:24]} 27.
Rad1 {[%clk 00:37:45]} {[%emt 00:00:07]} Kh7 {[%clk 00:26:52]} {[%emt
00:00:31]} 28. Rd7 {[%clk 00:37:49]} {[%emt 00:00:06]} a5 {[%clk 00:26:45]}
{[%emt 00:00:18]} 29. Rb7 {[%clk 00:37:51]} {[%emt 00:00:07]} Rc6 {[%clk
00:26:39]} {[%emt 00:00:16]} 30. h4 {[%clk 00:37:04]} {[%emt 00:00:57]} Kg6
{[%clk 00:26:30]} {[%emt 00:00:18]} 31. Rdd7 {[%clk 00:37:08]} {[%emt
00:00:08]} Kf5 {[%clk 00:25:21]} {[%emt 00:01:19]} 32. Rxg7 {[%clk 00:36:41]}
{[%emt 00:00:36]} Ke4 {[%clk 00:25:15]} {[%emt 00:00:17]} 33. Kg2 {[%clk
00:36:38]} {[%emt 00:00:12]} Rc2 {[%clk 00:23:40]} {[%emt 00:01:42]} 34. Rxb6
{[%clk 00:36:40]} {[%emt 00:00:11]} Kd3 {[%clk 00:23:36]} {[%emt 00:00:13]} 35.
Kf3 {[%clk 00:36:19]} {[%emt 00:00:31]} 1-0

[Event "English Schools Championship Final 2024"]
[Site "Nottingham University Kings Meadow Campus, United Kingdom"]
[Date "2024.06.27"]
[Round "1.68"]
[White "Quraishi, Ayaan"]
[Black "De Silva, Sithun"]
[Result "0-1"]
[TimeControl "G50' + 10\" per move."]
[BlackFideId "343419925"]
[WhiteElo "1458"]
[BlackElo "1776"]

1. e4 {[%clk 00:50:12]} {[%emt 00:00:08]} e6 {[%clk 00:50:18]} {[%emt
00:00:02]} 2. Nf3 {[%clk 00:49:49]} {[%emt 00:00:34]} d5 {[%clk 00:50:26]}
{[%emt 00:00:01]} 3. Bd3 {[%clk 00:49:22]} {[%emt 00:00:38]} dxe4 {[%clk
00:48:07]} {[%emt 00:02:28]} 4. Bxe4 {[%clk 00:48:59]} {[%emt 00:00:34]} Nf6
{[%clk 00:47:53]} {[%emt 00:00:23]} 5. Nc3 {[%clk 00:48:24]} {[%emt 00:00:45]}
Nbd7 {[%clk 00:44:07]} {[%emt 00:03:57]} 6. O-O {[%clk 00:47:57]} {[%emt
00:00:38]} Bb4 {[%clk 00:43:17]} {[%emt 00:00:59]} 7. a3 {[%clk 00:47:12]}
{[%emt 00:00:56]} Bxc3 {[%clk 00:43:21]} {[%emt 00:00:06]} 8. dxc3 {[%clk
00:46:40]} {[%emt 00:00:41]} Nxe4 {[%clk 00:43:19]} {[%emt 00:00:12]} 9. Re1
{[%clk 00:45:42]} {[%emt 00:01:07]} Nef6 {[%clk 00:42:04]} {[%emt 00:01:26]} 10.
Bg5 {[%clk 00:44:42]} {[%emt 00:01:08]} h6 {[%clk 00:41:35]} {[%emt 00:00:42]}
11. Bf4 {[%clk 00:42:19]} {[%emt 00:02:30]} b6 {[%clk 00:40:59]} {[%emt
00:00:45]} 12. Re2 {[%clk 00:41:10]} {[%emt 00:01:20]} Bb7 {[%clk 00:40:55]}
{[%emt 00:00:15]} 13. Rd2 {[%clk 00:40:46]} {[%emt 00:00:33]} Rc8 {[%clk
00:37:24]} {[%emt 00:03:42]} 14. Qe2 {[%clk 00:35:26]} {[%emt 00:05:29]} Qe7
{[%clk 00:36:11]} {[%emt 00:01:24]} 15. Rad1 {[%clk 00:34:41]} {[%emt
00:00:54]} O-O {[%clk 00:34:46]} {[%emt 00:01:35]} 16. Be5 {[%clk 00:31:44]}
{[%emt 00:03:05]} Bxf3 {[%clk 00:33:53]} {[%emt 00:01:06]} 17. gxf3 {[%clk
00:29:57]} {[%emt 00:01:57]} Nxe5 {[%clk 00:33:29]} {[%emt 00:00:34]} 18. Qxe5
{[%clk 00:29:39]} {[%emt 00:00:25]} Rfd8 {[%clk 00:33:12]} {[%emt 00:00:29]} 19.
Rxd8+ {[%clk 00:21:56]} {[%emt 00:07:54]} Rxd8 {[%clk 00:33:20]} {[%emt
00:00:03]} 20. Rf1 {[%clk 00:20:20]} {[%emt 00:01:45]} Rd5 {[%clk 00:33:07]}
{[%emt 00:00:22]} 21. Qg3 {[%clk 00:19:52]} {[%emt 00:00:38]} Rg5 {[%clk
00:32:29]} {[%emt 00:00:49]} 0-1

[Event "English Schools Championship Final 2024"]
[Site "Nottingham University Kings Meadow Campus, United Kingdom"]
[Date "2024.06.27"]
[Round "1.69"]
[White "Poon, Matthew"]
[Black "Pannu, Aaron"]
[Result "1-0"]
[TimeControl "G50' + 10\" per move."]
[BlackFideId "483648"]
[WhiteElo "1645"]
[BlackElo "1148"]

1. e4 {[%clk 00:50:18]} {[%emt 00:00:01]} e5 {[%clk 00:50:00]} {[%emt
00:00:20]} 2. Nf3 {[%clk 00:50:24]} {[%emt 00:00:04]} Nc6 {[%clk 00:50:00]}
{[%emt 00:00:11]} 3. Bb5 {[%clk 00:50:29]} {[%emt 00:00:04]} d6 {[%clk
00:49:05]} {[%emt 00:01:05]} 4. O-O {[%clk 00:48:37]} {[%emt 00:02:03]} Nf6
{[%clk 00:48:40]} {[%emt 00:00:35]} 5. Re1 {[%clk 00:48:02]} {[%emt 00:00:45]}
Bd7 {[%clk 00:46:26]} {[%emt 00:02:22]} 6. c3 {[%clk 00:46:34]} {[%emt
00:01:41]} g6 {[%clk 00:41:27]} {[%emt 00:05:05]} 7. d4 {[%clk 00:42:24]}
{[%emt 00:04:22]} Bg7 {[%clk 00:39:51]} {[%emt 00:01:46]} 8. d5 {[%clk
00:35:50]} {[%emt 00:06:45]} Ne7 {[%clk 00:39:15]} {[%emt 00:00:45]} 9. Bxd7+
{[%clk 00:33:44]} {[%emt 00:02:15]} Qxd7 {[%clk 00:38:59]} {[%emt 00:00:26]} 10.
c4 {[%clk 00:32:24]} {[%emt 00:01:31]} c5 {[%clk 00:35:03]} {[%emt 00:04:06]}
11. dxc6 {[%clk 00:30:58]} {[%emt 00:01:37]} bxc6 {[%clk 00:32:04]} {[%emt
00:03:09]} 12. Nc3 {[%clk 00:30:03]} {[%emt 00:01:05]} c5 {[%clk 00:24:36]}
{[%emt 00:07:38]} 13. Nb5 {[%emt 00:15:00]} Rd8 {[%clk 00:21:16]} 14. Qa4
{[%clk 00:14:08]} {[%emt 00:04:45]} Nc6 {[%clk 00:18:35]} {[%emt 00:02:51]} 15.
Bg5 {[%clk 00:08:27]} {[%emt 00:05:51]} O-O {[%clk 00:15:13]} {[%emt 00:03:32]}
16. Nc3 {[%clk 00:05:34]} {[%emt 00:03:03]} Ra8 {[%clk 00:12:22]} {[%emt
00:03:01]} 17. Bxf6 {[%clk 00:05:18]} {[%emt 00:00:27]} Bxf6 {[%clk 00:12:10]}
{[%emt 00:00:21]} 18. Rad1 {[%clk 00:04:44]} {[%emt 00:00:44]} Rfd8 {[%clk
00:11:18]} {[%emt 00:01:02]} 19. Nd5 {[%clk 00:03:30]} {[%emt 00:01:24]} Bg7
{[%clk 00:10:44]} {[%emt 00:00:44]} 20. a3 {[%clk 00:01:59]} {[%emt 00:01:41]}
Rdb8 {[%clk 00:08:44]} {[%emt 00:02:10]} 21. Ne7+ {[%clk 00:01:25]} {[%emt
00:00:45]} Qxe7 {[%clk 00:08:33]} {[%emt 00:00:21]} 22. Qxc6 {[%clk 00:01:33]}
{[%emt 00:00:02]} Rd8 {[%clk 00:08:01]} {[%emt 00:00:42]} 23. Rd5 {[%clk
00:01:21]} {[%emt 00:00:22]} Rac8 {[%clk 00:07:33]} {[%emt 00:00:38]} 24. Qa6
{[%clk 00:01:09]} {[%emt 00:00:23]} Rc7 {[%clk 00:06:47]} {[%emt 00:00:56]} 25.
Red1 {[%clk 00:01:10]} {[%emt 00:00:09]} Rcd7 {[%clk 00:06:49]} {[%emt
00:00:07]} 26. h3 {[%emt 00:01:56]} f5 {[%clk 00:05:58]} 27. Nd2 {[%clk
00:00:16]} {[%emt 00:00:19]} Kh8 {[%clk 00:05:52]} {[%emt 00:00:15]} 28. f3
{[%clk 00:00:19]} {[%emt 00:00:07]} f4 {[%clk 00:05:52]} {[%emt 00:00:10]} 29.
Nb3 {[%clk 00:00:28]} {[%emt 00:00:01]} Kg8 {[%clk 00:05:37]} {[%emt 00:00:26]}
30. Na5 {[%clk 00:00:28]} {[%emt 00:00:10]} Kh8 {[%clk 00:05:31]} {[%emt
00:00:16]} 31. Nc6 {[%clk 00:00:36]} {[%emt 00:00:03]} Qe6 {[%clk 00:04:10]}
{[%emt 00:01:30]} 32. Nxd8 {[%clk 00:00:42]} {[%emt 00:00:04]} Rxd8 {[%clk
00:04:05]} {[%emt 00:00:15]} 33. Rxd6 {[%emt 00:00:12]} Rxd6 {[%clk 00:04:05]}
{[%emt 00:00:07]} 34. Rxd6 {[%clk 00:00:46]} {[%emt 00:00:07]} Qe7 {[%clk
00:04:11]} {[%emt 00:00:04]} 35. Qc8+ {[%clk 00:00:44]} {[%emt 00:00:12]} Bf8
{[%clk 00:04:07]} {[%emt 00:00:13]} 36. Rd8 {[%clk 00:00:35]} {[%emt 00:00:20]}
Kg7 {[%clk 00:04:08]} {[%emt 00:00:06]} 37. Rd7 {[%clk 00:00:43]} {[%emt
00:00:06]} Qxd7 {[%clk 00:03:53]} {[%emt 00:00:24]} 38. Qxd7+ {[%clk 00:00:51]}
{[%emt 00:00:02]} Kg8 {[%clk 00:03:53]} {[%emt 00:00:10]} 39. Qe6+ {[%clk
00:00:56]} {[%emt 00:00:04]} Kg7 {[%clk 00:03:51]} {[%emt 00:00:13]} 40. Qxe5+
{[%clk 00:01:03]} {[%emt 00:00:03]} Kh6 {[%clk 00:03:45]} {[%emt 00:00:15]} 41.
Qxf4+ {[%clk 00:01:12]} {[%emt 00:00:02]} Kg7 {[%clk 00:03:51]} {[%emt
00:00:04]} 42. Qc7+ {[%clk 00:01:18]} {[%emt 00:00:04]} Kh8 {[%clk 00:03:59]}
{[%emt 00:00:01]} 43. Qxa7 {[%clk 00:01:24]} {[%emt 00:00:05]} Kg8 {[%clk
00:04:08]} 44. Qb8 {[%clk 00:01:25]} {[%emt 00:00:09]} h6 {[%clk 00:04:13]}
{[%emt 00:00:05]} 45. Kf1 {[%clk 00:01:28]} {[%emt 00:00:08]} g5 {[%clk
00:04:21]} {[%emt 00:00:02]} 46. a4 {[%clk 00:01:37]} {[%emt 00:00:01]} Kg7
{[%clk 00:04:29]} {[%emt 00:00:02]} 47. Qb7+ {[%clk 00:01:45]} {[%emt
00:00:02]} Kf6 {[%clk 00:04:37]} 48. a5 {[%clk 00:01:55]} {[%emt 00:00:01]} Be7
{[%clk 00:04:43]} {[%emt 00:00:04]} 49. Qc6+ {[%clk 00:02:03]} {[%emt
00:00:02]} Kf7 {[%clk 00:04:51]} {[%emt 00:00:01]} 50. a6 {[%clk 00:02:12]} Bf6
{[%clk 00:04:57]} {[%emt 00:00:04]} 51. a7 {[%clk 00:02:20]} {[%emt 00:00:02]}
Kg6 {[%clk 00:05:05]} {[%emt 00:00:01]} 52. a8=Q {[%clk 00:02:26]} {[%emt
00:00:05]} Kg7 {[%clk 00:05:05]} {[%emt 00:00:10]} 53. Qab7+ {[%clk 00:02:28]}
{[%emt 00:00:09]} Kg6 {[%clk 00:05:12]} {[%emt 00:00:02]} 54. Qe8# {[%clk
00:02:35]} {[%emt 00:00:03]} 1-0

[Event "English Schools Championship Final 2024"]
[Site "Nottingham University Kings Meadow Campus, United Kingdom"]
[Date "2024.06.27"]
[Round "1.70"]
[White "Pannu, Mya"]
[Black "Khan, Raayaan"]
[Result "0-1"]
[TimeControl "G50' + 10\" per move."]
[WhiteFideId "483656"]
[WhiteElo "1098"]
[BlackElo "1690"]

1. d4 {[%clk 00:50:15]} {[%emt 00:00:05]} Nf6 {[%clk 00:50:13]} {[%emt
00:00:08]} 2. e3 {[%clk 00:50:19]} {[%emt 00:00:06]} g6 {[%clk 00:50:17]}
{[%emt 00:00:07]} 3. Bd3 {[%clk 00:50:15]} {[%emt 00:00:14]} Bg7 {[%clk
00:50:05]} {[%emt 00:00:22]} 4. Nf3 {[%clk 00:50:01]} {[%emt 00:00:24]} d6
{[%clk 00:49:55]} {[%emt 00:00:19]} 5. b3 {[%clk 00:49:54]} {[%emt 00:00:17]}
O-O {[%clk 00:49:39]} {[%emt 00:00:26]} 6. Bb2 {[%clk 00:49:42]} {[%emt
00:00:22]} Nbd7 {[%clk 00:49:29]} {[%emt 00:00:20]} 7. Nbd2 {[%clk 00:49:08]}
{[%emt 00:00:45]} Re8 {[%clk 00:49:14]} {[%emt 00:00:25]} 8. e4 {[%clk
00:47:02]} {[%emt 00:02:16]} Nh5 {[%clk 00:47:18]} {[%emt 00:02:05]} 9. Rb1
{[%clk 00:44:59]} {[%emt 00:02:13]} Nf4 {[%clk 00:44:56]} {[%emt 00:02:33]} 10.
O-O {[%clk 00:43:02]} {[%emt 00:02:07]} Nxd3 {[%clk 00:43:48]} {[%emt
00:01:18]} 11. cxd3 {[%clk 00:43:02]} {[%emt 00:00:11]} e5 {[%clk 00:42:20]}
{[%emt 00:01:37]} 12. Qc2 {[%clk 00:38:30]} {[%emt 00:04:42]} exd4 {[%clk
00:38:36]} {[%emt 00:03:54]} 13. Bxd4 {[%clk 00:36:49]} {[%emt 00:01:50]} Ne5
{[%clk 00:37:46]} {[%emt 00:01:00]} 14. Rbc1 {[%clk 00:32:59]} {[%emt
00:04:00]} c6 {[%clk 00:36:46]} {[%emt 00:01:10]} 15. Bxe5 {[%clk 00:28:41]}
{[%emt 00:04:27]} dxe5 {[%clk 00:36:08]} {[%emt 00:00:48]} 16. Nc4 {[%clk
00:27:21]} {[%emt 00:01:30]} Bg4 {[%clk 00:33:39]} {[%emt 00:02:40]} 17. Qe2
{[%clk 00:24:37]} {[%emt 00:02:54]} Qf6 {[%clk 00:32:59]} {[%emt 00:00:50]} 18.
Ncd2 {[%clk 00:21:54]} {[%emt 00:02:53]} Bh6 {[%clk 00:32:29]} {[%emt
00:00:39]} 19. Rc2 {[%clk 00:19:32]} {[%emt 00:02:32]} Bxd2 {[%clk 00:30:34]}
{[%emt 00:01:48]} 20. Rxd2 {[%clk 00:19:40]} {[%emt 00:00:20]} Bxf3 {[%clk
00:30:26]} {[%emt 00:00:16]} 21. Qxf3 {[%clk 00:19:36]} {[%emt 00:00:15]} Qxf3
{[%clk 00:30:26]} {[%emt 00:00:09]} 22. gxf3 {[%clk 00:19:43]} {[%emt
00:00:04]} Rad8 {[%clk 00:30:18]} {[%emt 00:00:18]} 23. Kg2 {[%clk 00:18:59]}
{[%emt 00:00:53]} Rd4 {[%clk 00:30:12]} {[%emt 00:00:16]} 24. Rc1 {[%clk
00:18:21]} {[%emt 00:00:49]} Red8 {[%clk 00:29:18]} {[%emt 00:01:04]} 25. Rc3
{[%clk 00:16:38]} {[%emt 00:01:53]} f6 {[%clk 00:29:12]} {[%emt 00:00:15]} 26.
Kf1 {[%clk 00:15:50]} {[%emt 00:00:58]} R8d6 {[%clk 00:29:06]} {[%emt
00:00:16]} 27. Ke2 {[%clk 00:15:07]} {[%emt 00:00:53]} b5 {[%clk 00:29:05]}
{[%emt 00:00:11]} 28. Rdc2 {[%clk 00:14:19]} {[%emt 00:00:58]} Kf7 {[%clk
00:27:12]} {[%emt 00:02:03]} 29. Rxc6 {[%clk 00:13:46]} {[%emt 00:00:42]} Rxd3
{[%clk 00:27:12]} {[%emt 00:00:10]} 30. Rc7+ {[%clk 00:12:05]} {[%emt
00:01:52]} Rd7 {[%clk 00:27:02]} {[%emt 00:00:20]} 31. R7c5 {[%clk 00:10:57]}
{[%emt 00:01:18]} a6 {[%clk 00:26:35]} {[%emt 00:00:37]} 32. Rc6 {[%clk
00:09:43]} {[%emt 00:01:24]} R3d6 {[%clk 00:26:19]} {[%emt 00:00:26]} 33. Rc7
{[%clk 00:08:57]} {[%emt 00:00:56]} Ke6 {[%clk 00:25:51]} {[%emt 00:00:39]} 34.
R7c6 {[%clk 00:07:54]} {[%emt 00:01:13]} h5 {[%clk 00:23:59]} {[%emt 00:02:03]}
35. Rxd6+ {[%clk 00:07:25]} {[%emt 00:00:39]} Kxd6 {[%clk 00:22:42]} {[%emt
00:01:26]} 36. Rd2+ {[%clk 00:07:26]} {[%emt 00:00:10]} Kc6 {[%clk 00:22:33]}
{[%emt 00:00:19]} 37. Rxd7 {[%clk 00:07:19]} {[%emt 00:00:17]} Kxd7 {[%clk
00:22:39]} {[%emt 00:00:04]} 38. Ke3 {[%clk 00:07:16]} {[%emt 00:00:13]} g5
{[%clk 00:22:44]} {[%emt 00:00:05]} 39. h3 {[%clk 00:06:56]} {[%emt 00:00:30]}
h4 {[%clk 00:22:29]} {[%emt 00:00:25]} 40. Kd3 {[%clk 00:05:55]} {[%emt
00:01:10]} Kc6 {[%clk 00:21:21]} {[%emt 00:01:18]} 41. Kc3 {[%clk 00:05:03]}
{[%emt 00:01:03]} Kc5 {[%clk 00:20:43]} {[%emt 00:00:48]} 42. b4+ {[%clk
00:03:47]} {[%emt 00:01:26]} Kd6 {[%clk 00:18:29]} {[%emt 00:02:24]} 43. Kb3
{[%clk 00:03:21]} {[%emt 00:00:36]} Ke6 {[%clk 00:18:09]} {[%emt 00:00:30]} 44.
Kc3 {[%clk 00:02:22]} {[%emt 00:01:08]} f5 {[%clk 00:18:06]} {[%emt 00:00:14]}
45. Kd3 {[%clk 00:02:25]} {[%emt 00:00:07]} g4 {[%clk 00:17:39]} {[%emt
00:00:37]} 46. fxg4 {[%clk 00:01:19]} {[%emt 00:01:16]} fxg4 {[%clk 00:17:43]}
{[%emt 00:00:05]} 47. Ke2 {[%clk 00:01:15]} {[%emt 00:00:14]} gxh3 {[%clk
00:17:18]} {[%emt 00:00:36]} 48. Kf1 {[%clk 00:00:35]} {[%emt 00:00:50]} Kf6
{[%clk 00:17:26]} {[%emt 00:00:02]} 49. Kg1 {[%clk 00:00:43]} {[%emt 00:00:02]}
Kg5 {[%clk 00:17:22]} {[%emt 00:00:14]} 50. Kh2 {[%clk 00:00:52]} {[%emt
00:00:01]} Kg4 {[%clk 00:17:12]} {[%emt 00:00:20]} 51. f3+ {[%clk 00:00:35]}
{[%emt 00:00:26]} Kxf3 {[%clk 00:17:18]} {[%emt 00:00:03]} 52. Kxh3 {[%clk
00:00:43]} {[%emt 00:00:02]} Kxe4 {[%clk 00:16:58]} {[%emt 00:00:30]} 53. Kxh4
{[%clk 00:00:50]} {[%emt 00:00:04]} Kf3 {[%clk 00:16:58]} {[%emt 00:00:10]} 54.
Kh3 {[%clk 00:00:00]} {[%emt 00:00:51]} 0-1